Compendio de didáctica general (Record no. 1711)

MARC details
000 -LEADER
campo de control de longitud fija 01271nmc a2200409 a 4500
003 - IDENTIFICADOR DE NÚMERO DE CONTROL
campo de control AR-BaBNM
005 - FECHA Y HORA DE LA ÚLTIMA TRANSACCIÓN
campo de control 20251128203047.0
008 - DATOS DE LONGITUD FIJA--INFORMACIÓN GENERAL
campo de control de longitud fija 011101s1963 ||||||||||||||000 | spa||
040 ## - FUENTE DE CATALOGACIÓN
Centro/agencia transcriptor AR-BaBNM
100 1# - ENTRADA PRINCIPAL--NOMBRE DE PERSONA
Nombre de persona Mattos, Luiz Alves de
245 10 - MENCIÓN DEL TÍTULO
Título Compendio de didáctica general
250 ## - MENCION DE EDICION
Mención de edición 1ª ed.
260 ## - PUBLICACIÓN, DISTRIBUCIÓN, ETC.
Lugar de publicación, distribución, etc. Buenos Aires
Nombre del editor, distribuidor, etc. Editorial Kapelusz
Fecha de publicación, distribución, etc. 1963
300 1# - DESCRIPCIÓN FÍSICA
Extensión xvii, 413 p.
Otros detalles físicos il., gráfs., tablas
490 #0 - MENCIÓN DE SERIE
Mención de serie Biblioteca de cultura pedagógica
500 0# - NOTA GENERAL
Nota general Traducción de Francisco Campos
500 0# - NOTA GENERAL
Nota general Prólogo a la 1 y 3a ed. brasileña por el autor
504 ## - NOTA DE BIBLIOGRAFÍA, ETC.
Nota de bibliografía, etc. Nota Contiene bibliografía al final de cada capítulo y biliografía general
650 #4 - PUNTO DE ACCESO ADICIONAL DE MATERIA--TÉRMINO DE MATERIA
Término de materia o nombre geográfico como elemento de entrada PEDAGOGIA
650 #4 - PUNTO DE ACCESO ADICIONAL DE MATERIA--TÉRMINO DE MATERIA
Término de materia o nombre geográfico como elemento de entrada APRENDIZAJE
650 #4 - PUNTO DE ACCESO ADICIONAL DE MATERIA--TÉRMINO DE MATERIA
Término de materia o nombre geográfico como elemento de entrada FINALIDADES DE LA EDUCACION
650 #4 - PUNTO DE ACCESO ADICIONAL DE MATERIA--TÉRMINO DE MATERIA
Término de materia o nombre geográfico como elemento de entrada OBJETIVOS EDUCACIONALES
650 #4 - PUNTO DE ACCESO ADICIONAL DE MATERIA--TÉRMINO DE MATERIA
Término de materia o nombre geográfico como elemento de entrada PLANES EDUCACIONALES
650 #4 - PUNTO DE ACCESO ADICIONAL DE MATERIA--TÉRMINO DE MATERIA
Término de materia o nombre geográfico como elemento de entrada UNIDADES DE ENSENANZA
650 #4 - PUNTO DE ACCESO ADICIONAL DE MATERIA--TÉRMINO DE MATERIA
Término de materia o nombre geográfico como elemento de entrada PLANES DE CLASE
650 #4 - PUNTO DE ACCESO ADICIONAL DE MATERIA--TÉRMINO DE MATERIA
Término de materia o nombre geográfico como elemento de entrada MOTIVACION DEL ALUMNO
650 #4 - PUNTO DE ACCESO ADICIONAL DE MATERIA--TÉRMINO DE MATERIA
Término de materia o nombre geográfico como elemento de entrada CONTENIDO DEL PROGRAMA
650 #4 - PUNTO DE ACCESO ADICIONAL DE MATERIA--TÉRMINO DE MATERIA
Término de materia o nombre geográfico como elemento de entrada EDUCACION EXTRAESCOLAR
650 #4 - PUNTO DE ACCESO ADICIONAL DE MATERIA--TÉRMINO DE MATERIA
Término de materia o nombre geográfico como elemento de entrada DISCIPLINA
650 #4 - PUNTO DE ACCESO ADICIONAL DE MATERIA--TÉRMINO DE MATERIA
Término de materia o nombre geográfico como elemento de entrada PROBLEMAS DISCIPLINARIOS
650 #4 - PUNTO DE ACCESO ADICIONAL DE MATERIA--TÉRMINO DE MATERIA
Término de materia o nombre geográfico como elemento de entrada DIAGNOSTICO EDUCACIONAL
650 #4 - PUNTO DE ACCESO ADICIONAL DE MATERIA--TÉRMINO DE MATERIA
Término de materia o nombre geográfico como elemento de entrada EVALUACION DEL ALUMNO
653 #0 - TÉRMINO DE INDIZACIÓN--NO CONTROLADO
Término no controlado METODOS EDUCATIVOS
653 #0 - TÉRMINO DE INDIZACIÓN--NO CONTROLADO
Término no controlado ORIENTACION EDUCATIVA
942 ## - ELEMENTOS DE ENTRADA SECUNDARIOS (KOHA)
Tipo de ítem Koha Libros
998 ## - INFORMACIÓN DE CONTROL LOCAL (RLIN)
Iniciales del catalogador, CIN (RLIN) Carmen
Holdings
Estatus retirado Estado de pérdida Fuente de la clasificación o esquema de estantería Estado de daño No para préstamo Biblioteca de origen Biblioteca actual Fecha de adquisición Total de préstamos Signatura topográfica completa Código de barras Visto por última vez Precio de reemplazo Tipo de ítem Koha Restricciones de uso Ubicación en estantería
    Clasificación Decimal Dewey     Liberty Liberty 28/11/2025   37.02 ALVE 069418 28/11/2025 28/11/2025 Libros    
    Clasificación Decimal Dewey     Liberty Liberty 28/11/2025   37.02 ALVE 069419 28/11/2025 28/11/2025 Libros    
    Clasificación Decimal Dewey     Liberty Liberty 28/11/2025   37.02 ALVE 069420 28/11/2025 28/11/2025 Libros    
    Clasificación Decimal Dewey   No para préstamo Liberty Liberty 28/11/2025   37.02 ALVE 123696 28/11/2025 28/11/2025 Libros Acceso restringido  
    Clasificación Decimal Dewey   No para préstamo Liberty Liberty 28/11/2025   37.02 ALVE 039635 28/11/2025 28/11/2025 Libros Acceso restringido